مبادئ القانون التجاري : (Record no. 24347)

MARC details
000 -الفاتح
حقل البيانات ثابتة الطول 01046nam a22002655a 4500
003 - محدد رقم الضبط
رقم الضبط OSt
005 - وقت وتاريخ اخر تعامل مع التسجيلة
رقم الضبط 20170306152015.0
008 - عناصر البيانات ثابتة الطول - معلومات عامة
حقل البيانات ثابتة الطول 170226s2016 ua frb 000 0 ara d
015 ## -
-- 2014 / 22983
020 ## - الرقم الدولى المعيارى للكتب
الرقم الدولى المعيارى للكتاب 9789770476772
040 ## - مصدر الفهرسة
وكالة الفهرسة الأصلية EG-ScBUE
لغة الفهرسة ara
وكالة النسخ EG-ScBUE
043 ## - رمز المنطقة الجغرافية
رمز المنطقة الجغرافية f-ua---
082 04 - رقم تصنيف ديوى العشرى
رقم الطبعة 22
رقم التصنيف 346.6207
رقم المادة ق ر م
100 1# - المدخل الرئيسى - إسم شخصى
الإسم الشخصى قرمان، عبد الرحمن السيد.
245 10 - بيان العنوان
العنوان مبادئ القانون التجاري :
بقية العنوان نظرية الأعمال التجارية - التاجر - المتجر /
بيان المسئوليه,etc عبد الرحمن السيد قرمان.
246 36 - العنوان الموازى
عنوان صحيح/عنوان مختصر مبادئ القانون التجاري :
بقية العنوان الأعمال التجارية والتاجر والمحل التجاري
250 ## - بيان الطبعة
بيان الطبعة ط. 2.
260 ## - PUBLICATION, DISTRIBUTION, ETC. (IMPRINT)
مكان الناشر او الموزع القاهرة :
اسم الناشر او الموزع دار النهضة العربية،
تاريخ النشر أو التوزيع 2016.
300 ## - الوصف المادى
التعداد 260 ص. ؛
أبعاد الوعاء 24 سم.
504 ## - تبصرة ببليوجرافية
تبصرة ببليوجرافية,الخ يشتمل على إرجاعات ببليوجرافية.
650 #7 - المدخل الاضافى بالموضوع-مصطلح موضوعى
مصدر الرأس أو المصطلح BUEsh
مصطلح موضوعي أو اسم جغرافي كعنصر مدخل القانون التجاري
9 (RLIN) 41150
التقسيم الفرعي الجغرافي مصر.
651 ## - المدخل الاضافى بالموضوع - اسم جغرافى
مصدر الرأس أو المصطلح BUEsh
653 ## - مصطلح تكشيفى غير مقيد
Resource For college Law
Arrived date list March2017
942 ## - عناصر المدخل الإضافي( كوها)
مصدر التصنيف او مخطط الترفيف Dewey Decimal Classification
Holdings
حالة التراجع حالة الفقد مصدر التصنيف او خطة الترفيف حالة تلف ليس للاعارة مجموعات كوها المكان الدائم المكان الحالي موقع الترفيف تاريخ الاكتساب Source of acquisition سعر الشراء الطبيعي تعداد مسلسل / التسلسل الزمني رقم الاستدعاء الباركود Date last checked out Date last seen مُعار التكلفة نوع الوعاء
    Dewey Decimal Classification     دار النهضة العربية Central Library Central Library First floor 06/03/2017 Purchase 50.00 2815 346.6207 ق ر م 000045726 01/11/2025 02/10/2025 02/10/2025 62.50 Book - Borrowing
    Dewey Decimal Classification     دار النهضة العربية Central Library Central Library First floor 06/03/2017 Purchase 50.00 2815 346.6207 ق ر م 000045725   15/07/2025 17/11/2022 62.50 Book - Borrowing